VSphere 6 foundations exam official cert guide: (Record no. 196264)

MARC details
000 -LEADER
fixed length control field 00784nam a2200229Ia 4500
003 - CONTROL NUMBER IDENTIFIER
control field OSt
005 - DATE AND TIME OF LATEST TRANSACTION
control field 20260113150512.0
008 - FIXED-LENGTH DATA ELEMENTS--GENERAL INFORMATION
fixed length control field 210716s2017 xx 000 0 und d
020 ## - INTERNATIONAL STANDARD BOOK NUMBER
International Standard Book Number 9789332582729
040 ## - CATALOGING SOURCE
Transcribing agency AIMIT LIBRARY
041 ## - LANGUAGE CODE
Language code of text/sound track or separate title eng
082 ## - DEWEY DECIMAL CLASSIFICATION NUMBER
Classification number 621.3991
Item number FERB
100 ## - MAIN ENTRY--PERSONAL NAME
Personal name Ferguson, Bill.
9 (RLIN) 251113
245 ## - TITLE STATEMENT
Title VSphere 6 foundations exam official cert guide:
Remainder of title VMware certified professional 6 /
Statement of responsibility, etc. By Bill Ferguson.
250 ## - EDITION STATEMENT
Edition statement 1st ed.
260 ## - PUBLICATION, DISTRIBUTION, ETC.
Place of publication, distribution, etc. New Delhi :
Name of publisher, distributor, etc. Pearson Education ,
Date of publication, distribution, etc. 2017.
300 ## - PHYSICAL DESCRIPTION
Extent xxxii,718 p.;
Other physical details PB
Dimensions 24.5 cm.
650 ## - SUBJECT ADDED ENTRY--TOPICAL TERM
Topical term or geographic name entry element Configuring vsphere standard switches
9 (RLIN) 251114
650 ## - SUBJECT ADDED ENTRY--TOPICAL TERM
Topical term or geographic name entry element Connecting shared storage devices to vsphere
9 (RLIN) 251115
650 ## - SUBJECT ADDED ENTRY--TOPICAL TERM
Topical term or geographic name entry element Creating and configuring vmware clusters
9 (RLIN) 251116
942 ## - ADDED ENTRY ELEMENTS (KOHA)
Source of classification or shelving scheme Dewey Decimal Classification
Koha item type Book
Call number prefix 62.3991 FERB
Holdings
Withdrawn status Lost status Damaged status Not for loan Collection code Home library Current library Source of acquisition Cost, normal purchase price Total Checkouts Full call number Barcode Date last seen Cost, replacement price Price effective from Koha item type
        MCA St Aloysius Institute of Management & Information Technology St Aloysius Institute of Management & Information Technology Book Paradise 979.00   621.3991 FERB MCA15779 07/21/2025 685.30 07/16/2021 Book